Effective writing for commerce and industry (Record no. 75772)

MARC details
000 -LEADER
fixed length control field 01399nam a2200229 a 4500
008 - FIXED-LENGTH DATA ELEMENTS--GENERAL INFORMATION
fixed length control field 120416s1989 ||||||||||||||||| || u
020 ## - INTERNATIONAL STANDARD BOOK NUMBER
International Standard Book Number 1871950007
050 ## - LIBRARY OF CONGRESS CALL NUMBER
Classification number HF 5721 Aus
100 ## - MAIN ENTRY--PERSONAL NAME
Personal name Austin, M
245 10 - TITLE STATEMENT
Title Effective writing for commerce and industry
260 ## - PUBLICATION, DISTRIBUTION, ETC.
Place of publication, distribution, etc. Devon
Name of publisher, distributor, etc. M. A. Publications
Date of publication, distribution, etc. 1989
300 ## - PHYSICAL DESCRIPTION
Extent 106p. : ill.
350 ## -
-- 0.00
650 #0 - SUBJECT ADDED ENTRY--TOPICAL TERM
Topical term or geographic name entry element ECONOMICS
650 ## - SUBJECT ADDED ENTRY--TOPICAL TERM
Topical term or geographic name entry element WRITING--COMMERCE AND INDUSTRY
995 ## -
-- ANNEX COLLECTION (Main Library)
-- 0.00
-- 730409
-- CBU-MAIN LIBRARY (Kitwe)
-- 5
-- 9.95
-- HF 5721 Aus
-- 5
-- AVAILABLE
-- 027200
-- Annex Low-Usage Collection
995 ## -
-- ANNEX COLLECTION (Main Library)
-- 0.00
-- 730699
-- CBU-MAIN LIBRARY (Kitwe)
-- 2
-- 9.95
-- HF 5721 Aus
-- 2
-- AVAILABLE
-- 027567
-- Annex Low-Usage Collection
995 ## -
-- ANNEX COLLECTION (Main Library)
-- 0.00
-- 027452
-- CBU-MAIN LIBRARY (Kitwe)
-- 6
-- 9.95
-- HF 5721 Aus
-- AVAILABLE
-- 027452
-- Annex Low-Usage Collection
995 ## -
-- ANNEX COLLECTION (Main Library)
-- 0.00
-- 730408
-- CBU-MAIN LIBRARY (Kitwe)
-- 1
-- 9.95
-- HF 5721 Aus
-- 1
-- AVAILABLE
-- 027453
-- Annex Low-Usage Collection
995 ## -
-- MAIN LIBRARY OPEN ACCESS
-- 0.00
-- 730191
-- CBU-MAIN LIBRARY (Kitwe)
-- 4
-- 9.95
-- HF 5721 Aus
-- 4
-- AVAILABLE
-- 027199
-- Main Library Open Access Collection
995 ## -
-- MAIN LIBRARY OPEN ACCESS
-- 0.00
-- 730408
-- CBU-MAIN LIBRARY (Kitwe)
-- 3
-- 9.95
-- HF 5721 Aus
-- 3
-- AVAILABLE
-- May 19, 2006
-- 027454
-- Main Library Open Access Collection
999 ## -
-- 75772
-- 75772
Holdings
Withdrawn status Lost status Source of classification or shelving scheme Damaged status Not for loan Permanent Location Current Location Shelving location Date acquired Total Checkouts Full call number Barcode Date last seen Copy number Price effective from Koha item type
          CBU-MAIN LIBRARY, KITWE. CBU-MAIN LIBRARY, KITWE.   04/24/2023   HF 5721 Aus 027200 04/24/2023 1 04/24/2023 MONOGRAPH
Withdrawn         CBU-MAIN LIBRARY, KITWE. CBU-MAIN LIBRARY, KITWE.   04/24/2023   HF 5721 Aus 027567 04/24/2023 2 04/24/2023 MONOGRAPH
          CBU-MAIN LIBRARY, KITWE. CBU-MAIN LIBRARY, KITWE.   04/24/2023   HF 5721 Aus 027452 04/24/2023 3 04/24/2023 MONOGRAPH
Withdrawn         CBU-MAIN LIBRARY, KITWE. CBU-MAIN LIBRARY, KITWE.   04/24/2023   HF 5721 Aus 027453 04/24/2023 4 04/24/2023 MONOGRAPH
          CBU-MAIN LIBRARY, KITWE. CBU-MAIN LIBRARY, KITWE.   04/24/2023   HF 5721 Aus 027199 04/24/2023 5 04/24/2023 MONOGRAPH
Withdrawn         CBU-MAIN LIBRARY, KITWE. CBU-MAIN LIBRARY, KITWE.   04/24/2023   HF 5721 Aus 027454 04/24/2023 6 04/24/2023 MONOGRAPH